Générique Kangoo - Paroles - Statistiques

Statistiques générales
  • Ce quiz a été pris 28 fois
    7 depuis la dernière actualisation
  • Le résultat moyen est 26 sur 48
Statistiques - réponses
Paroles % Correct
C'est nous les {Kangoo}
100%
C'est nous les {Kangoo}
100%
C'est nous les {Kangoo}
83%
C'est nous les {Kangoo}
83%
C'est nous les {Kangoo}
83%
C'est nous les {Kangoo}
83%
C'est nous les {Kangoo}
83%
C'est nous les {Kangoo}
83%
A tous les {coups}
67%
C'est dans la {poche}
67%
C'est dans la {poche}
67%
C'est dans la {poche}
67%
C'est dans la {poche}
67%
C'est nous les {Kangoo}
67%
C'est nous les {Kangoo}
67%
C'est nous les {Kangoo}
67%
C'est nous les vrais pros du {basket}
67%
Et hop hop {hop}
67%
Et hop hop {hop}
67%
Et hop hop {hop}
67%
Et hop hop {hop}
67%
Et moi c'est {Junior}
67%
On gagne {tout}
67%
C'est dans la {poche}
50%
C'est nous les {Kangoo}
50%
C'est nous les {Kangoo}
50%
C'est nous les {Kangoo}
50%
C'est nous les {Kangoo}
50%
C'est nous les {Kangoo}
50%
Et hop hop {hop}
50%
Je suis {Archie}
50%
Je suis {Kévin}
50%
On gagne {tout}
50%
A tous les {coups}
33%
Contrer, passer, smasher, {tirer}
33%
Je suis {Napo}
33%
Je suis {Nelson}
33%
Nous ce qu'on aime c'est la {compet'}
33%
On marque, on {joue}
33%
On marque, on {joue}
33%
On passe {partout}
33%
On passe {partout}
33%
Pour s'élancer, sauter, {marquer}
33%
Le rap, le funk, la frappe, le {dunk}
17%
On dribble, on {smashe}
17%
On dribble, on {smashe}
17%
On feinte, on {court}
17%
On feinte, on {court}
17%
Aucun quiz correspondant
Distribution des résultats
% des personnes avec chaque résultat
Percentile par nombre de réponses
Votre historique - résultats
Vous n’avez pas pris ce quiz depuis la dernière actualisation